Manual de serigrafía: una guía paso a paso /

La serigrafía es un procedimiento de gran versatilidad para la impresión manual, relativamente sencillo y barato. Por medio de esta técnica es posible imprimir casi sobre cualquier material, an todos los tamaños. La serigrafía se utiliza ampliamente para la impresión de carteles, anuncios, tarjetas,...

Ausführliche Beschreibung

Bibliographische Detailangaben
Weitere Verfasser: Lesur Esquivel, Luis (coordinador)
Format: Paket
Sprache:Spanish
Veröffentlicht: México: Trillas, 2013
Ausgabe:Segunda edición.
Schriftenreihe:Cómo hacer bien y fácilmente.
Schlagworte:

MARC

LEADER 00000nac a2200000 i 4500
003 Ucuenca
005 20240129160303.0
006 a||||fr|||| 001 ||
007 ta
008 210204t20132013mx oooof |||| 001 0 spa a
020 |a 978-607-17-1296-7 
040 |a UCuenca-cdrjbv  |b spa  |c UCuenca  |e rda 
041 0 |a spa 
082 0 |2 22  |a 764.8  |c 29760273 
245 1 0 |a Manual de serigrafía:   |b una guía paso a paso /   |c Coordinación Luis Lesur. 
250 |a Segunda edición. 
264 1 |a México:   |b Trillas,   |c 2013 
264 4 |c 2013 
300 |a 95 páginas:   |b fot  |c 27 cm 
336 |2 rdacontent  |a texto  |b txt 
337 |2 rdamedia  |a no mediado  |b n 
338 |2 rdacarrier  |a volumen  |b nc 
490 0 |a Cómo hacer bien y fácilmente. 
505 1 |a El marco y la mesa -- La malla -- Esténciles hechos a mano -- Esténciles fotográficos -- Impresión -- Ejercicio con esténciles de bloqueador -- Ejercicio con esténcil de tinta litográfica -- Ejercicio con esténcil de recorte -- Ejercicio con esténciles fotográficos de línea -- Ejercicio de posterización -- Ejercicio con esténciles fotográficos de medio tono -- Ejercicio de impresión sobre tela. 
520 3 |a La serigrafía es un procedimiento de gran versatilidad para la impresión manual, relativamente sencillo y barato. Por medio de esta técnica es posible imprimir casi sobre cualquier material, an todos los tamaños. La serigrafía se utiliza ampliamente para la impresión de carteles, anuncios, tarjetas, papeles de envoltura, telas estampadas, calcomanías, vidrio, camisetas estampadas, papelería fina e incluso en trabajos artísticos. Las posibilidades son ilimitadas. Este manual, perteneciente a la colección Cómo hacer bien y fácilmente, lo guiará, paso a paso, a través de las técnicas de la serigrafía.  
650 1 7 |2 UCuenca-cdrjbv  |9 74645  |a Serigrafia 
650 2 7 |2 UCuenca-cdrjbv  |a Serigrafia  |x técnicas  |9 261259 
650 1 7 |2 UCuenca-cdrjbv  |9 33266  |a Diseño gráfico 
651 |2 UCuenca-cdrjbv 
700 1 |a Lesur Esquivel, Luis.  |e coordinador  |9 231921 
942 |2 ddc  |c CR  |z rocío.campoverde@ucuenca.edu.ec 
999 |c 159226  |d 159226